| 000 | 00609nam a2200229Ia 4500 | ||
|---|---|---|---|
| 003 | OSt | ||
| 005 | 20221007081816.0 | ||
| 006 | a|||||r|||| 00| 0 | ||
| 007 | ta | ||
| 008 | 221006b |||||||| |||| 00| 0 eng d | ||
| 024 | _a13,293 | ||
| 037 | _cTextual | ||
| 040 |
_aFLL _cFLL _beng |
||
| 041 |
_2eng _aeng |
||
| 082 | _aV73:5y7, M0 | ||
| 100 |
_aAbernathy Au. _9698096 |
||
| 245 | 0 | _aCivil rights cases and materials | |
| 260 |
_aPaul _bWest publishing company U.S.A. _c1980 |
||
| 300 |
_a660p _ccm. |
||
| 942 |
_hV73:5y7, M0 _cTEXL _2CC |
||
| 999 |
_c1164338 _d1164338 |
||